• 首页
  • 本馆介绍
  • 公告通知
  • 最新文献
  • 馆藏检索
  • 电子资源
  • 读者导购
  • 参考咨询
  • 我的图书馆
  • 登录
  • 详细信息显示
  • 放入我的书架
  • 预约/预借图书
  • 作者相关作品
  • 分类相关作品
  • 丛书相关作品
  • 出版社相关作品

书目信息

  • 表格格式
  • 工作单格式
  • 卡片格式
题名:
一本书看懂多旋翼无人机
    
 
作者: 李德强 著
分册:  
出版信息: 北京   化学工业出版社  2020.8
页数: 12,477页
开本: 26cm
丛书名:
单 册:
中图分类: V279
科图分类:
主题词: 无人驾驶飞机
电子资源:
ISBN: 978-7-122-36117-2
000 01251nam0 2200229 45
001 012001000301
005 20140911091520.0
010    @a978-7-122-36117-2@dCNY138.00
100    @a20201020d2020 em y0chiy50 ea
101 0  @achi
102    @aCN@b110000
105    @aa z 000yy
106    @ar
200 1  @a一本书看懂多旋翼无人机@Ayi ben shu kan dong duo xuan yi wu ren ji@b专著@f李德强著
210    @a北京@c化学工业出版社@d2020.8
215    @a12,477页@c图,照片@d26cm
330    @a本书以四旋翼无人机为例,讲解多旋翼无人机的飞行理论与控制体系,从螺旋桨、电动机、电调、动力电池、机架等角度介绍硬件结构与飞行原理。通过开源自驾仪Pixhawk和开源飞行控制程序PX4介绍了全自动多旋翼无人机控制系统的整个实现过程。内容涵盖了从硬件组装清单到飞控程序下载编译的整个过程,并对如何使用地面站程序对飞控进行航前校准和参数设定做了说明。全书将飞行理论与设计实现相互结合,通过对PX4飞控程序的分析、讲解、修改和完善,梳理了多旋翼无人机的相关知识。包括:飞控程序的架构设计、开源操作系统、驱动程序、状态估计、控制算法、自主导航系统等,以及如何通过对多旋翼无人机的动力系统建模实现半物理仿真和趣味航线飞行等。
606 0  @a无人驾驶飞机
690    @aV279@v5
701  0 @a李德强@Ali de qiang@f(1983-)@4著
801  0 @aCN@bBJSDL@c20211011
905    @b1331177-80@dV279@e65@f4
    
    一本书看懂多旋翼无人机/李德强著.-北京:化学工业出版社,2020.8
    12,477页:图,照片;26cm
    
    
    ISBN 978-7-122-36117-2:CNY138.00
    本书以四旋翼无人机为例,讲解多旋翼无人机的飞行理论与控制体系,从螺旋桨、电动机、电调、动力电池、机架等角度介绍硬件结构与飞行原理。通过开源自驾仪Pixhawk和开源飞行控制程序PX4介绍了全自动多旋翼无人机控制系统的整个实现过程。内容涵盖了从硬件组装清单到飞控程序下载编译的整个过程,并对如何使用地面站程序对飞控进行航前校准和参数设定做了说明。全书将飞行理论与设计实现相互结合,通过对PX4飞控程序的分析、讲解、修改和完善,梳理了多旋翼无人机的相关知识。包括:飞控程序的架构设计、开源操作系统、驱动程序、状态估计、控制算法、自主导航系统等,以及如何通过对多旋翼无人机的动力系统建模实现半物理仿真和趣味航线飞行等。
●
相关链接 在E读中查询图书 在五车中查询图书 在当当中查询图书 在豆瓣中查询图书


正题名:一本书看懂多旋翼无人机     索取号:V279/65         预约/预借

序号 登录号 条形码 馆藏地/架位号 状态 备注
1 1331177   213311771   第二样本阅览室/ [索取号:V279/65] 在馆    
2 1331178   213311780   第三借阅区/ [索取号:V279/65] 在馆    
3 1331179   213311799   第三借阅区/ [索取号:V279/65] 在馆    
4 1331180   213311806   第三借阅区/ [索取号:V279/65] 在馆    
唐山师范学院图书馆 欢迎您!
大连网信软件有限公司© 版权所有